[Event "SVK-chT1W 2223"]
[Site "Slovakia"]
[Date "2023.03.12"]
[Round "11.7"]
[White "Orosi, Peter"]
[Black "Kvassay, Peter"]
[Result "1-0"]
[WhiteElo "2049"]
[BlackElo "1914"]
[PlyCount "55"]
[EventDate "2022.10.15"]
[EventType "team-tourn"]
[EventRounds "11"]
[EventCountry "SVK"]
[SourceTitle "EXT 2024"]
[Source "ChessBase"]
[SourceDate "2023.10.10"]
[SourceVersion "1"]
[SourceVersionDate "2023.10.10"]
[SourceQuality "1"]
[WhiteTeam "Bratislava Doprastav"]
[BlackTeam "Povazska Bystrica"]
[WhiteTeamCountry "SVK"]
[BlackTeamCountry "SVK"]

1. d4 d5 2. c4 e6 3. cxd5 exd5 4. Nc3 Nf6 5. Nf3 Bf5 6. Bg5 c6 7. Bxf6 Qxf6 8. e3 Nd7 9. h3 Bd6 10. Bd3 0-0 11. Qb1 Bxd3 12. Qxd3 Rfe8 13. 0-0-0 b5 14. Kb1 b4 15. Na4 b3 16. axb3 Rab8 17. Rc1 Bb4 18. Rc2 Rec8 19. Rhc1 Rc7 20. Ng1 Rbc8 21. f3 Bd6 22. Ne2 h6 23. e4 Bf4 24. Nxf4 Qxf4 25. e5 c5 26. Nxc5 Nxc5 27. Rxc5 Qxc1+ 28. Kxc1 1-0

[Event "SVK-chT1W 1920"]
[Site "Slovakia"]
[Date "2019.10.13"]
[Round "2.7"]
[White "Orosi, Peter"]
[Black "Gzib, David"]
[Result "0-1"]
[WhiteElo "2068"]
[BlackElo "2011"]
[PlyCount "60"]
[EventDate "2019.10.12"]
[EventType "team-tourn"]
[EventRounds "11"]
[EventCountry "SVK"]
[SourceTitle "CBM 193 Extra"]
[Source "ChessBase"]
[SourceDate "2020.01.31"]
[SourceVersion "1"]
[SourceVersionDate "2020.01.31"]
[SourceQuality "1"]
[WhiteTeam "Bratislava Doprastav"]
[BlackTeam "Osuske"]
[WhiteTeamCountry "SVK"]
[BlackTeamCountry "SVK"]

1. d4 Nf6 2. c4 c5 3. Nf3 cxd4 4. Nxd4 Nc6 5. Nc3 g6 6. g3 Bg7 7. Bg2 0-0 8. 0-0 Qa5 9. Nc2 d6 10. Bd2 Qh5 11. e4 Bg4 12. f3 Bd7 13. Nd5 Nxd5 14. cxd5 Ne5 15. g4 Qh4 16. Qe2 Rfc8 17. Ne3 a6 18. a4 b5 19. Rfc1 Nc4 20. Be1 Qg5 21. Nxc4 bxc4 22. Rxc4 Rxc4 23. Qxc4 Bxb2 24. Rb1 Be5 25. Bf1 Qe3+ 26. Kg2 Bd4 27. Rd1 Qg1+ 28. Kh3 Be5 29. Rd2 Qe3 30. Qe2 Qh6+ 0-1

[Event "Bratislava Doprastav op"]
[Site "Bratislava"]
[Date "2019.04.20"]
[Round "5"]
[White "Medvec, Miroslav1111"]
[Black "Orosi, Peter"]
[Result "1-0"]
[WhiteElo "2002"]
[BlackElo "2102"]
[PlyCount "107"]
[EventDate "2019.04.18"]
[EventType "swiss"]
[EventRounds "7"]
[EventCountry "SVK"]
[SourceTitle "CBM 189 Extra"]
[Source "ChessBase"]
[SourceDate "2019.06.03"]
[SourceVersion "1"]
[SourceVersionDate "2019.06.03"]
[SourceQuality "1"]

1. e4 c5 2. Nf3 g6 3. d4 cxd4 4. Qxd4 Nf6 5. Nc3 Nc6 6. Qa4 d6 7. e5 Ng4 8. Bf4 Bg7 9. exd6 Bxc3+ 10. bxc3 Qb6 11. 0-0-0 0-0 12. d7 Nxf2 13. dxc8Q Raxc8 14. Bd3 Nxh1 15. Rxh1 Qc5 16. Qb3 Na5 17. Qb4 Rfd8 18. Qxc5 Rxc5 19. Bd2 e5 20. Re1 f6 21. g4 Nc4 22. g5 Nxd2 23. Kxd2 Rc4 24. gxf6 Rf4 25. Nxe5 Rxf6 26. Ng4 Rf4 27. h3 h5 28. Ne5 g5 29. Rg1 Rf5 30. Nc4 Kf8 31. Kc1 Rc5 32. Rg3 b5 33. Nd2 Rxc3 34. Ne4 Rc7 35. Nxg5 Ke7 36. Bxb5 Rd5 37. Bd3 Rcc5 38. h4 Rd4 39. Re3+ Kd6 40. Ne4+ Kc6 41. Nxc5 Rxh4 42. Nb3 Kd6 43. Kb2 Rh2 44. Kc3 Rh1 45. Kd4 h4 46. c4 h3 47. c5+ Kc7 48. Re7+ Kb8 49. c6 Rd1 50. Kc3 h2 51. c7+ Kb7 52. Ba6+ Kb6 53. c8Q h1Q 54. Qc5+ 1-0

[Event "SVK-chT2A 1819"]
[Site "Slovakia"]
[Date "2019.03.03"]
[Round "9.5"]
[White "Orosi, Peter"]
[Black "Sobek, Michal"]
[Result "0-1"]
[WhiteElo "2087"]
[BlackElo "2053"]
[PlyCount "100"]
[EventDate "2018.10.13"]
[EventType "team-tourn"]
[EventRounds "11"]
[EventCountry "SVK"]
[SourceTitle "EXT 2020"]
[Source "ChessBase"]
[SourceDate "2019.10.17"]
[SourceVersion "1"]
[SourceVersionDate "2019.10.17"]
[SourceQuality "1"]
[WhiteTeam "Bratislava Doprastav"]
[BlackTeam "Modra II"]
[WhiteTeamCountry "SVK"]
[BlackTeamCountry "SVK"]

1. d4 Nf6 2. c4 c5 3. Nf3 cxd4 4. Nxd4 Nc6 5. g3 d6 6. Bg2 Bd7 7. 0-0 g6 8. b3 Bg7 9. Bb2 0-0 10. Nc3 Qa5 11. Nc2 Qh5 12. e4 Bg4 13. f3 Bh3 14. Ne2 Qc5+ 15. Bd4 Nxd4 16. Qxd4 Bxg2 17. Kxg2 Qa5 18. Qf2 b5 19. cxb5 Qxb5 20. Ned4 Qb6 21. Rac1 Rfc8 22. Qd2 a5 23. a4 d5 24. e5 Nd7 25. f4 Nc5 26. Qe3 e6 27. Nb5 Bf8 28. g4 Qb7 29. Ncd4 Ne4 30. f5 Qe7 31. f6 Qb7 32. Rxc8 Rxc8 33. Qe1 Qb8 34. Nd6 Nxd6 35. exd6 Bxd6 36. Qxa5 Bxh2 37. Qd2 Qg3+ 38. Kh1 Qh3 39. Qg2 Qxg2+ 40. Kxg2 Be5 41. Nb5 h6 42. g5 hxg5 43. Kh3 Rc2 44. Rf3 Bf4 45. Rc3 Rh2+ 46. Kg4 e5 47. Rh3 Rb2 48. Nd6 e4 49. Nf5 Rg2+ 50. Rg3 gxf5+ 0-1

[Event "SVK-chT2A 1819"]
[Site "Slovakia"]
[Date "2018.11.18"]
[Round "4.5"]
[White "Orosi, Peter"]
[Black "Podjavorinsky, Michal"]
[Result "1-0"]
[WhiteElo "2072"]
[BlackElo "1895"]
[PlyCount "61"]
[EventDate "2018.10.13"]
[EventType "team-tourn"]
[EventRounds "11"]
[EventCountry "SVK"]
[SourceTitle "CBM 189 Extra"]
[Source "ChessBase"]
[SourceDate "2019.06.03"]
[SourceVersion "1"]
[SourceVersionDate "2019.06.03"]
[SourceQuality "1"]
[WhiteTeam "Bratislava Doprastav"]
[BlackTeam "Piestany Kupele"]
[WhiteTeamCountry "SVK"]
[BlackTeamCountry "SVK"]

1. d4 d5 2. c4 c6 3. Nc3 e6 4. e4 dxe4 5. Nxe4 Bb4+ 6. Nc3 Nf6 7. Nf3 0-0 8. Bd3 c5 9. a3 Bxc3+ 10. bxc3 h6 11. g4 Qa5 12. g5 hxg5 13. Bxg5 Qxc3+ 14. Ke2 Qb2+ 15. Bc2 Ne4 16. Qd3 f5 17. Bd2 Nc6 18. Rhg1 Nxd4+ 19. Nxd4 Qxd4 20. Qxd4 cxd4 21. Bf4 Rd8 22. Bxe4 fxe4 23. Be5 Rd7 24. Rg4 b5 25. cxb5 d3+ 26. Kd2 Rf7 27. Rag1 Rxf2+ 28. Ke1 e3 29. Rxg7+ Kf8 30. Bd6+ Ke8 31. Re7+ 1-0

[Event "SVK-chT2A 1718"]
[Site "Slovakia"]
[Date "2018.03.17"]
[Round "10.6"]
[White "Orosi, Peter"]
[Black "Brunovsky, Peter"]
[Result "1-0"]
[WhiteElo "2065"]
[BlackElo "1835"]
[PlyCount "73"]
[EventDate "2017.10.28"]
[EventType "team-tourn"]
[EventRounds "11"]
[EventCountry "SVK"]
[SourceTitle "EXT 2020"]
[Source "ChessBase"]
[SourceDate "2019.10.17"]
[SourceVersion "1"]
[SourceVersionDate "2019.10.17"]
[SourceQuality "1"]
[WhiteTeam "Bratislava Doprastav"]
[BlackTeam "Gbely Nafta"]
[WhiteTeamCountry "SVK"]
[BlackTeamCountry "SVK"]

1. d4 Nf6 2. c4 c5 3. Nf3 g6 4. g3 Bg7 5. Bg2 0-0 6. Nc3 Na6 7. 0-0 d6 8. b3 Bd7 9. Bb2 Qc8 10. Qd2 Bh3 11. Rfe1 Bxg2 12. Kxg2 cxd4 13. Nxd4 b6 14. Rad1 Qb7+ 15. e4 Nc5 16. f3 Rad8 17. Nd5 Rfe8 18. Nb5 Nxd5 19. exd5 a6 20. Nd4 Qc7 21. Nc6 Rd7 22. Bxg7 Kxg7 23. Qc3+ Kg8 24. f4 Nb7 25. Re3 Nd8 26. Nxd8 Rexd8 27. Rde1 Rb8 28. f5 f6 29. fxg6 hxg6 30. Re6 Rf8 31. Qe3 Rf7 32. Qh6 Rg7 33. R1e4 Kf7 34. Rh4 Qc8 35. Qe3 Qc5 36. Rxf6+ exf6 37. Qe6+ 1-0

[Event "SVK-chT2A 1718"]
[Site "Slovakia"]
[Date "2018.02.04"]
[Round "7.7"]
[White "Kolman, Richard"]
[Black "Orosi, Peter"]
[Result "0-1"]
[WhiteElo "2025"]
[BlackElo "2070"]
[PlyCount "88"]
[EventDate "2017.10.28"]
[EventType "team-tourn"]
[EventRounds "11"]
[EventCountry "SVK"]
[SourceTitle "EXT 2019"]
[Source "ChessBase"]
[SourceDate "2018.10.10"]
[SourceVersion "1"]
[SourceVersionDate "2018.10.10"]
[SourceQuality "1"]
[WhiteTeam "Bratislava Slovan IV"]
[BlackTeam "Bratislava Doprastav"]
[WhiteTeamCountry "SVK"]
[BlackTeamCountry "SVK"]

1. e4 c5 2. d3 e6 3. g3 d5 4. Nd2 Nc6 5. Bg2 g6 6. f4 Bg7 7. Ngf3 Nge7 8. 0-0 0-0 9. c3 b6 10. Re1 Ba6 11. Nf1 Qd7 12. e5 d4 13. c4 Rad8 14. Ng5 f6 15. exf6 Rxf6 16. Qe2 Bc8 17. Bd2 Nf5 18. Bh3 a5 19. a3 Rff8 20. Qg4 Rfe8 21. Bg2 Ne3 22. Nxe3 dxe3 23. Bc3 Nd4 24. Bxd4 Qxd4 25. Re2 Qxd3 26. Rae1 Qxc4 27. Qh4 h6 28. Ne4 Rf8 29. Rxe3 Bd4 30. Qxh6 Bxe3+ 31. Rxe3 Qc1+ 32. Kf2 Qxb2+ 33. Re2 Qd4+ 34. Ke1 Qg7 35. Qh4 Ba6 36. Bh3 Rde8 37. Ng5 Bxe2 38. Kxe2 e5 39. Be6+ Rxe6 40. Nxe6 Qf6 41. Ng5 Qe7 42. fxe5 Qxe5+ 43. Kd3 Rd8+ 44. Kc2 Qe2+ 0-1

[Event "SVK-chT2A 1718"]
[Site "Slovakia"]
[Date "2017.11.25"]
[Round "3.5"]
[White "Keresztes, Mark"]
[Black "Orosi, Peter"]
[Result "0-1"]
[WhiteElo "1992"]
[BlackElo "2070"]
[PlyCount "88"]
[EventDate "2017.10.28"]
[EventType "team-tourn"]
[EventRounds "11"]
[EventCountry "SVK"]
[SourceTitle "EXT 2019"]
[Source "ChessBase"]
[SourceDate "2018.10.10"]
[SourceVersion "1"]
[SourceVersionDate "2018.10.10"]
[SourceQuality "1"]
[WhiteTeam "Potonska Veza"]
[BlackTeam "Bratislava Doprastav"]
[WhiteTeamCountry "SVK"]
[BlackTeamCountry "SVK"]

1. c4 e5 2. Nc3 Nf6 3. g3 c6 4. d4 d6 5. Bg2 exd4 6. Qxd4 Be7 7. Nf3 Qb6 8. b3 d5 9. Qxb6 axb6 10. cxd5 Nxd5 11. Bd2 Be6 12. Nxd5 Bxd5 13. Bc3 0-0 14. 0-0 Na6 15. Nd4 Bxg2 16. Kxg2 Bf6 17. e3 Nc5 18. Ne2 Bxc3 19. Nxc3 Rfd8 20. Rfd1 b5 21. Kf3 b4 22. Ne4 Ne6 23. Ke2 Rxd1 24. Kxd1 f5 25. Nd2 Kf7 26. Kc2 Nc5 27. f3 Ke6 28. Nc4 b5 29. Nb2 Ke5 30. h3 g6 31. Nd1 Ra3 32. Nf2 Nxb3 33. Nd3+ Ke6 34. Re1 Na5 35. Nxb4 c5 36. Nd3 Rxa2+ 37. Kd1 Rh2 38. Nxc5+ Kd5 39. Nd3 g5 40. e4+ fxe4 41. Rxe4 Rxh3 42. Rg4 h6 43. f4 Rh1+ 44. Kc2 Nc4 0-1

[Event "Tatry op"]
[Site "Tatranska Lomnica"]
[Date "2017.10.15"]
[Round "9"]
[White "Vojta, Tomas"]
[Black "Orosi, Peter"]
[Result "1-0"]
[WhiteElo "2364"]
[BlackElo "2076"]
[PlyCount "75"]
[EventDate "2017.10.08"]
[EventType "swiss"]
[EventRounds "9"]
[EventCountry "SVK"]
[SourceTitle "CBM 181 Extra"]
[Source "ChessBase"]
[SourceDate "2017.12.12"]
[SourceVersion "1"]
[SourceVersionDate "2017.12.12"]
[SourceQuality "1"]

1. e4 c5 2. f4 g6 3. Nf3 Bg7 4. d3 d6 5. g3 Nc6 6. Bg2 e6 7. c3 Nge7 8. 0-0 0-0 9. Na3 Rb8 10. Nc2 f5 11. Qe2 b5 12. a3 a5 13. exf5 gxf5 14. Bd2 Qd7 15. Rfe1 b4 16. axb4 axb4 17. Ng5 Rf6 18. Ne3 h6 19. Nf3 d5 20. cxb4 Nxb4 21. Bc3 Rf8 22. Be5 Rb6 23. Bxg7 Kxg7 24. Ne5 Qb5 25. g4 Nbc6 26. Nxc6 Qxc6 27. Nc4 Rb4 28. Ra7 Rb7 29. Na5 Rxa7 30. Qe5+ Kg8 31. Nxc6 Nxc6 32. Qd6 Nb4 33. Qxc5 Nxd3 34. Qxa7 Nxe1 35. g5 hxg5 36. fxg5 Rf7 37. Qb8 Rf8 38. Qc7 1-0

[Event "Tatry op"]
[Site "Tatranska Lomnica"]
[Date "2017.10.11"]
[Round "5"]
[White "Berezjuk, Sergej"]
[Black "Orosi, Peter"]
[Result "1-0"]
[WhiteElo "2423"]
[BlackElo "2076"]
[PlyCount "151"]
[EventDate "2017.10.08"]
[EventType "swiss"]
[EventRounds "9"]
[EventCountry "SVK"]
[SourceTitle "CBM 181 Extra"]
[Source "ChessBase"]
[SourceDate "2017.12.12"]
[SourceVersion "1"]
[SourceVersionDate "2017.12.12"]
[SourceQuality "1"]

1. e4 c5 2. Nf3 g6 3. d4 cxd4 4. Nxd4 Nc6 5. Nb3 Bg7 6. Be2 Nf6 7. Nc3 0-0 8. 0-0 d6 9. Bg5 a6 10. f4 h6 11. Bh4 Bd7 12. Bf3 Rb8 13. Kh1 Nh7 14. Qd2 Re8 15. Rad1 Be6 16. Nd5 f6 17. Bf2 b5 18. Rfe1 Bf7 19. g3 Bf8 20. Nd4 Nxd4 21. Bxd4 e6 22. Nb4 Qc8 23. a3 a5 24. Nd3 Qc4 25. Bc3 Rbc8 26. Rc1 a4 27. Nb4 Red8 28. Bd4 Qc7 29. Qf2 Qd7 30. Rcd1 Be7 31. Rd2 d5 32. exd5 exd5 33. Bb6 Bxb4 34. axb4 Re8 35. Red1 Qc6 36. c3 Rb8 37. Ba5 Rb7 38. Rxd5 Rbe7 39. Rc5 Qa6 40. Rc6 Qa8 41. Rcd6 Qc8 42. Rd8 Qc4 43. R8d4 Qb3 44. Bd8 Re3 45. Ra1 Qe6 46. Rd2 Qc4 47. Bb6 Rd3 48. Rxd3 Qxd3 49. Rd1 Qc4 50. Qf1 Qxf1+ 51. Rxf1 Rb8 52. Bd4 Re8 53. Kg1 Bc4 54. Rd1 Kf7 55. Kf2 f5 56. Be5 Nf6 57. h3 Re7 58. g4 Rd7 59. gxf5 Rxd1 60. fxg6+ Kxg6 61. Bxd1 Nd5 62. Bc2+ Kf7 63. f5 Ne7 64. Bd4 Nc6 65. Be3 Kf6 66. Kg3 Ne7 67. Bd4+ Kf7 68. Kf4 Nc6 69. Bf2 Kf6 70. Bh4+ Kf7 71. Be4 Nb8 72. Bf2 Nd7 73. Bd4 Ke7 74. Ke3 Kf7 75. Bd3 Bxd3 76. Kxd3 1-0

[Event "Tatry op"]
[Site "Tatranska Lomnica"]
[Date "2017.10.10"]
[Round "4"]
[White "Orosi, Peter"]
[Black "Kopecek, Ivan"]
[Result "1-0"]
[WhiteElo "2076"]
[BlackElo "1930"]
[PlyCount "97"]
[EventDate "2017.10.08"]
[EventType "swiss"]
[EventRounds "9"]
[EventCountry "SVK"]
[SourceTitle "CBM 181 Extra"]
[Source "ChessBase"]
[SourceDate "2017.12.12"]
[SourceVersion "1"]
[SourceVersionDate "2017.12.12"]
[SourceQuality "1"]

1. Nf3 Nf6 2. d4 e6 3. g3 b6 4. Bg2 Bb7 5. 0-0 Be7 6. c4 0-0 7. Nc3 Ne4 8. Qc2 f5 9. Ne5 d5 10. cxd5 exd5 11. f3 Nxc3 12. bxc3 Nd7 13. Bf4 Nxe5 14. Bxe5 Ba6 15. Rfe1 Bc4 16. e4 fxe4 17. fxe4 c6 18. Bh3 Bf6 19. Bxf6 Qxf6 20. e5 Qh6 21. Bg2 Rae8 22. Rad1 Re7 23. Qd2 Qxd2 24. Rxd2 Ba6 25. Rf2 Bc8 26. Rxf8+ Kxf8 27. Rf1+ Ke8 28. Rf4 Be6 29. Bf1 b5 30. Bd3 h6 31. Kf2 Kd7 32. Rf8 Kc7 33. Ke3 Kb6 34. Bg6 a5 35. a3 Kc7 36. h4 Bd7 37. Rf7 Kd8 38. Kf4 Rxf7+ 39. Bxf7 Ke7 40. Bg6 Kf8 41. Bf5 Ke7 42. Bxd7 Kxd7 43. Kf5 c5 44. dxc5 d4 45. e6+ Ke7 46. cxd4 b4 47. axb4 axb4 48. Ke4 Kxe6 49. d5+ 1-0

[Event "Stara Lubovna op"]
[Site "Stara Lubovna"]
[Date "2017.05.06"]
[Round "4"]
[White "Tropp, Frantisek"]
[Black "Orosi, Peter"]
[Result "1/2-1/2"]
[WhiteElo "2128"]
[BlackElo "2094"]
[PlyCount "86"]
[EventDate "2017.05.05"]
[EventType "swiss"]
[EventRounds "7"]
[EventCountry "SVK"]
[SourceTitle "CBM 178 Extra"]
[Source "ChessBase"]
[SourceDate "2017.06.22"]
[SourceVersion "1"]
[SourceVersionDate "2017.06.22"]
[SourceQuality "1"]

1. e4 c5 2. c3 d5 3. exd5 Qxd5 4. d4 cxd4 5. cxd4 Nc6 6. Nf3 e6 7. Be3 Nf6 8. Nc3 Bb4 9. Bd3 0-0 10. 0-0 Qa5 11. Qc2 Rd8 12. a3 Bd6 13. Bd2 Qh5 14. Ne2 Ne7 15. Rad1 Bd7 16. Nf4 Bxf4 17. Bxf4 Rac8 18. Qd2 Bb5 19. Bxb5 Qxb5 20. Bg5 Ne4 21. Qf4 Nxg5 22. Nxg5 Qf5 23. Qh4 Nc6 24. Nf3 Rd5 25. Qg3 Rcd8 26. Rc1 Nxd4 27. Nxd4 Rxd4 28. Qc7 Qd5 29. h3 Qd7 30. Qe5 Rd5 31. Qf4 e5 32. Qc4 h6 33. b4 Qe6 34. Rfe1 a6 35. Qc7 Qd7 36. Qb6 Rc8 37. Rxc8+ Qxc8 38. Qe3 Qd8 39. Qf3 b6 40. Qf5 Qd7 41. Qxd7 Rxd7 42. Rxe5 Rd1+ 43. Kh2 Kf8 1/2-1/2

[Event "Oravska Priehrada op"]
[Site "Oravska Priehrada"]
[Date "2016.08.28"]
[Round "4"]
[White "Murin, Pavol"]
[Black "Orosi, Peter"]
[Result "1/2-1/2"]
[WhiteElo "2015"]
[BlackElo "2122"]
[PlyCount "72"]
[EventDate "2016.08.26"]
[EventType "swiss"]
[EventRounds "7"]
[EventCountry "SVK"]
[SourceTitle "CBM 174 Extra"]
[Source "ChessBase"]
[SourceDate "2016.10.10"]
[SourceVersion "1"]
[SourceVersionDate "2016.10.10"]
[SourceQuality "1"]

1. d4 d5 2. Nf3 Nf6 3. c4 c6 4. Nc3 dxc4 5. a4 Bf5 6. Ne5 Nbd7 7. Nxc4 Nb6 8. e3 e6 9. Qb3 Nxc4 10. Bxc4 Qb6 11. Qxb6 axb6 12. f3 b5 13. Bb3 Bd3 14. e4 Bb4 15. Bg5 0-0 16. Bxf6 gxf6 17. Kd2 Bc4 18. Bxc4 bxc4 19. Kc2 Ra5 20. b3 cxb3+ 21. Kxb3 Bxc3 22. Kxc3 Rfa8 23. Rab1 R8a7 24. Rb6 Rxa4 25. Rhb1 Ra2 26. R1b2 R7a3+ 27. Kc4 Rxb2 28. Rxb2 b5+ 29. Kc5 Ra6 30. d5 cxd5 31. exd5 exd5 32. Kxd5 Ra5 33. Kc5 Kg7 34. Re2 b4+ 35. Kxb4 Re5 36. Rd2 Kg6 1/2-1/2

[Event "SVK-chT2A 1516"]
[Site "Slovakia"]
[Date "2016.03.13"]
[Round "11.8"]
[White "Orosi, Peter"]
[Black "Mackovic, Miroslav"]
[Result "1-0"]
[WhiteElo "2017"]
[BlackElo "1882"]
[PlyCount "123"]
[EventDate "2015.10.17"]
[EventType "team-tourn"]
[EventRounds "11"]
[EventCountry "SVK"]
[SourceTitle "EXT 2017"]
[Source "ChessBase"]
[SourceDate "2016.10.25"]
[SourceVersion "1"]
[SourceVersionDate "2016.10.25"]
[SourceQuality "1"]
[WhiteTeam "Bratislava Doprastav II"]
[BlackTeam "Trnava Modranka"]
[WhiteTeamCountry "SVK"]
[BlackTeamCountry "SVK"]

1. e4 c5 2. c3 d5 3. exd5 Qxd5 4. d4 e6 5. Nf3 cxd4 6. cxd4 Nf6 7. Nc3 Qd8 8. Bc4 Be7 9. 0-0 0-0 10. Bf4 a6 11. d5 exd5 12. Nxd5 Nxd5 13. Bxd5 Bf6 14. Qb3 Nc6 15. Rfd1 Qa5 16. Bd6 Be7 17. Ne5 Nxe5 18. Bxe7 Bg4 19. Re1 Nc6 20. Bxf8 Rxf8 21. Qxb7 Qxd5 22. Rac1 Bf3 23. gxf3 Qg5+ 24. Kh1 Nd4 25. Qe4 Ne6 26. Qe5 Qd2 27. Qe2 Qd5 28. Red1 Qb7 29. Rc4 Ng5 30. Kg2 Qb5 31. b3 Ne6 32. Qe4 Re8 33. Rd5 Nf4+ 34. Qxf4 Qxd5 35. Re4 Qd8 36. Qd6 Qg5+ 37. Rg4 Qe7 38. Qxe7 Rxe7 39. Rc4 g6 40. Rc6 Ra7 41. Rb6 Kf8 42. b4 Ke7 43. f4 f5 44. h4 Kf7 45. a4 Kg7 46. h5 Kh6 47. hxg6 hxg6 48. Kf3 Kg7 49. Kg3 Ra8 50. f3 Kf7 51. Kf2 Ra7 52. a5 Kg7 53. Ke3 Kf7 54. Kd4 Kg7 55. Kc5 Ra8 56. Kc6 Rc8+ 57. Kb7 Rc4 58. Kxa6 Rxf4 59. Kb7 Rxf3 60. a6 Ra3 61. a7 f4 62. Ra6 1-0

[Event "SVK-chT2A 1516"]
[Site "Slovakia"]
[Date "2016.02.13"]
[Round "8.8"]
[White "Orosi, Peter"]
[Black "Vadila, Ondrej"]
[Result "1-0"]
[WhiteElo "2017"]
[BlackElo "1701"]
[PlyCount "111"]
[EventDate "2015.10.17"]
[EventType "team-tourn"]
[EventRounds "11"]
[EventCountry "SVK"]
[SourceTitle "EXT 2017"]
[Source "ChessBase"]
[SourceDate "2016.10.25"]
[SourceVersion "1"]
[SourceVersionDate "2016.10.25"]
[SourceQuality "1"]
[WhiteTeam "Bratislava Doprastav II"]
[BlackTeam "Bratislava Slovan IV"]
[WhiteTeamCountry "SVK"]
[BlackTeamCountry "SVK"]

1. e4 c5 2. c3 d6 3. d4 Nf6 4. dxc5 dxc5 5. Qxd8+ Kxd8 6. e5 Nd5 7. Nf3 Nc6 8. Bc4 e6 9. 0-0 Nb6 10. Bb5 Bd7 11. Rd1 Ke8 12. a4 a6 13. Bd3 c4 14. Be4 Na5 15. Be3 Nxa4 16. Rxd7 Kxd7 17. Rxa4 Nc6 18. Rxc4 Be7 19. Nbd2 Rac8 20. Ra4 Bd8 21. Kf1 Ra8 22. Ra1 Bc7 23. Nc4 Rad8 24. Nb6+ Bxb6 25. Bxb6 Rc8 26. Rd1+ Ke7 27. Ke2 g5 28. Nxg5 Nxe5 29. Bxb7 Rb8 30. Bc5+ Kf6 31. Ne4+ Kg6 32. Bxa6 Rxb2+ 33. Rd2 Rhb8 34. Bd6 Rxd2+ 35. Nxd2 Rb6 36. Bxe5 Rxa6 37. Kd3 f6 38. Bd4 e5 39. Bc5 f5 40. c4 e4+ 41. Ke3 Kg5 42. Kd4 Ra2 43. Ke5 Ra8 44. Be3+ Kg6 45. Ke6 Rf8 46. g3 Re8+ 47. Kd7 Kf7 48. c5 Re7+ 49. Kd6 Re6+ 50. Kc7 Re7+ 51. Kb6 Ke8 52. c6 Re6 53. Kb7 Re7+ 54. Kb8 Re5 55. Nc4 Rb5+ 56. Nb6 1-0

[Event "SVK-ch Amateurs"]
[Site "Stara Lubovna"]
[Date "2015.05.09"]
[Round "6"]
[White "Orosi, Peter"]
[Black "Hagara, Martin"]
[Result "0-1"]
[WhiteElo "2017"]
[BlackElo "2155"]
[PlyCount "94"]
[EventDate "2015.05.07"]
[EventType "swiss"]
[EventRounds "7"]
[EventCountry "SVK"]
[SourceTitle "EXT 2017"]
[Source "ChessBase"]
[SourceDate "2016.10.25"]
[SourceVersion "1"]
[SourceVersionDate "2016.10.25"]
[SourceQuality "1"]

1. e4 e5 2. d4 exd4 3. Bc4 d6 4. Nf3 Be7 5. c3 Nf6 6. 0-0 0-0 7. Re1 dxc3 8. Nxc3 Nc6 9. h3 Nd7 10. Nd5 Nde5 11. Nxe5 Nxe5 12. Bb3 c6 13. Nxe7+ Qxe7 14. f4 Nd7 15. Bd2 a5 16. Bc3 c5 17. Qf3 Kh8 18. e5 dxe5 19. fxe5 Nb6 20. Qe4 Be6 21. Bc2 g6 22. Red1 Rfd8 23. Rxd8+ Qxd8 24. Rd1 Qe7 25. Be1 Bf5 26. Qe2 Bxc2 27. Qxc2 h6 28. Qe4 Kh7 29. Bh4 Qc7 30. e6 f5 31. Qe3 g5 32. Bf2 Re8 33. Qxc5 Qxc5 34. Bxc5 Rxe6 35. Rd8 Rc6 36. Bd4 Kg6 37. Rb8 Nd5 38. Rxb7 Rc2 39. g4 fxg4 40. hxg4 h5 41. gxh5+ Kxh5 42. Rb5 Nf4 43. Be3 Kg4 44. Rxa5 Ne2+ 45. Kf2 Ng3+ 46. Kg1 Kf3 47. Rxg5 Rg2# 0-1

[Event "Tatry op"]
[Site "Tatranske Zruby"]
[Date "2014.09.29"]
[Round "2"]
[White "Rous, Daniel"]
[Black "Orosi, Peter"]
[Result "1-0"]
[WhiteElo "2188"]
[BlackElo "2041"]
[PlyCount "67"]
[EventDate "2014.09.28"]
[EventType "swiss"]
[EventRounds "9"]
[EventCountry "SVK"]
[SourceTitle "CBM 162 Extra"]
[Source "ChessBase"]
[SourceDate "2014.10.17"]
[SourceVersion "1"]
[SourceVersionDate "2014.10.17"]
[SourceQuality "1"]

1. Nf3 Nf6 2. c4 c5 3. g3 e6 4. Bg2 Nc6 5. 0-0 d5 6. cxd5 exd5 7. d4 Be6 8. Nc3 c4 9. Ne5 Be7 10. Nxc6 bxc6 11. e4 Nd7 12. exd5 cxd5 13. Bxd5 Bxd5 14. Nxd5 0-0 15. Bf4 Nf6 16. Nxe7+ Qxe7 17. d5 Qd7 18. d6 Rab8 19. Qd4 Rb5 20. Rfe1 Qh3 21. f3 Rfb8 22. d7 Rd8 23. Rad1 h6 24. Re7 Rd5 25. Qxd5 Nxd5 26. Re8+ Kh7 27. Rxd8 Nxf4 28. Rh8+ Kg6 29. gxf4 Qxf3 30. Rd6+ Kh5 31. d8Q Qe3+ 32. Kf1 Qc1+ 33. Ke2 Qc2+ 34. Kf3 1-0

[Event "Tatry op"]
[Site "Tatranske Zruby"]
[Date "2012.09.30"]
[Round "9"]
[White "Orosi, Peter"]
[Black "Nahalka, Jan"]
[Result "1-0"]
[WhiteElo "2041"]
[BlackElo "1921"]
[PlyCount "61"]
[EventDate "2012.09.23"]
[EventType "swiss"]
[EventRounds "9"]
[EventCountry "SVK"]
[SourceTitle "CBM 150 Extra"]
[Source "ChessBase"]
[SourceDate "2012.10.19"]
[SourceVersion "1"]
[SourceVersionDate "2012.10.19"]
[SourceQuality "1"]

1. c4 Nf6 2. Nc3 e6 3. Nf3 d5 4. d4 c6 5. cxd5 exd5 6. Bg5 Be7 7. Bxf6 Bxf6 8. e3 Bf5 9. Bd3 Bxd3 10. Qxd3 0-0 11. 0-0 Re8 12. b4 Qd6 13. b5 Nd7 14. Rab1 Red8 15. bxc6 bxc6 16. Rfd1 g6 17. Ne1 Bg7 18. Qa6 Nb6 19. Nd3 Nc4 20. Nc5 Rdc8 21. Rb7 Rc7 22. Rdb1 Bf8 23. Nd3 Kg7 24. Na4 Qd8 25. Rxc7 Qxc7 26. Rb7 Qc8 27. Nac5 Nd6 28. Rxa7 Qb8 29. Rxa8 Qb1+ 30. Ne1 Qxe1+ 31. Qf1 1-0

[Event "Tatry op"]
[Site "Tatranske Zruby"]
[Date "2012.09.29"]
[Round "8"]
[White "Volodin, Viktor Nikolaevich"]
[Black "Orosi, Peter"]
[Result "1-0"]
[WhiteElo "2209"]
[BlackElo "2041"]
[PlyCount "55"]
[EventDate "2012.09.23"]
[EventType "swiss"]
[EventRounds "9"]
[EventCountry "SVK"]
[SourceTitle "CBM 150 Extra"]
[Source "ChessBase"]
[SourceDate "2012.10.19"]
[SourceVersion "1"]
[SourceVersionDate "2012.10.19"]
[SourceQuality "1"]

1. Nf3 c5 2. c4 Nf6 3. g3 g6 4. Bg2 Bg7 5. 0-0 0-0 6. d4 cxd4 7. Nxd4 Nc6 8. Nc3 a6 9. c5 d6 10. Nxc6 bxc6 11. cxd6 exd6 12. Bxc6 Bh3 13. Bxa8 Qxa8 14. f3 Bxf1 15. Kxf1 Qc6 16. Be3 Rb8 17. Qd2 h5 18. Bd4 Nd7 19. Bxg7 Kxg7 20. Rd1 Qc8 21. Qd4+ Kg8 22. b3 Rb7 23. Ne4 Ne5 24. Nxd6 Qh3+ 25. Kg1 Re7 26. Ne4 Qe6 27. Qd8+ Kg7 28. Rd6 1-0